00658nam a2200217 a 450000100060000000300090000600800410001502000150005604000280007108200140009910000280011324500540014126000360019530000110023149000300024259000590027265000320033165000480036394200120041199900170042315762CO-ViMGA141112s2004 ck r 000 u spa d a9586822826 aCO-ViMGAbspacCO-ViMGA04a925 C151b1 aCanales, Claudia92267410aEl Barón trashumante : bAlexander Von Humboldt aBogotá, cColciencias, c2001 a101.p. aViajeros del conocimiento aForma de adquisición : donacion - - Precio : 10.00014aCIENTIFICOS ALEMANES92267514aHUMBOLDT, ALEXANDER VON, 1769 - 1859922676 2ddccBK c25851d25851